[Event "Madrid San Viator op-A 30th"]
[Site "Madrid"]
[Date "2018.06.03"]
[Round "8"]
[White "Julian Serra, Rogelio"]
[Black "Perez Calahorra, Ricardo"]
[Result "0-1"]
[WhiteElo "2002"]
[BlackElo "2064"]
[PlyCount "82"]
[EventDate "2018.04.08"]
[EventType "swiss"]
[EventRounds "9"]
[EventCountry "ESP"]
[SourceTitle "EXT 2019"]
[Source "ChessBase"]
[SourceDate "2018.10.10"]
[SourceVersion "1"]
[SourceVersionDate "2018.10.10"]
[SourceQuality "1"]

1. c4 Nf6 2. g3 e5 3. Bg2 c6 4. d4 exd4 5. Qxd4 d5 6. Nf3 Be6 7. 0-0 Be7 8. Ng5 Qd7 9. Nxe6 Qxe6 10. cxd5 cxd5 11. Qa4+ Nc6 12. Qb3 0-0 13. Nc3 Rfd8 14. Bg5 d4 15. Qxe6 fxe6 16. Ne4 Nxe4 17. Bxe7 Nxg3 18. Bxd8 Nxe2+ 19. Kh1 Rxd8 20. Rfe1 d3 21. Bxc6 bxc6 22. Kg2 Kf7 23. Rad1 Rd5 24. Kf3 e5 25. Ke4 Nf4 26. Kf3 Ke6 27. Re4 Rc5 28. Rxf4 exf4 29. Rxd3 g5 30. b4 Rd5 31. Rc3 Rd6 32. Rc5 h6 33. h4 gxh4 34. Kg4 Rd2 35. Rxc6+ Ke5 36. f3 Rg2+ 37. Kxh4 Rxa2 38. Rxh6 Rh2+ 39. Kg5 Rxh6 40. Kxh6 Kd4 41. Kg5 Ke5 0-1

[Event "Madrid San Viator op-A 30th"]
[Site "Madrid"]
[Date "2018.05.27"]
[Round "7"]
[White "Perez Calahorra, Ricardo"]
[Black "Campos Tores, Jose Luis"]
[Result "1-0"]
[WhiteElo "2064"]
[BlackElo "1894"]
[PlyCount "69"]
[EventDate "2018.04.08"]
[EventType "swiss"]
[EventRounds "9"]
[EventCountry "ESP"]
[SourceTitle "EXT 2019"]
[Source "ChessBase"]
[SourceDate "2018.10.10"]
[SourceVersion "1"]
[SourceVersionDate "2018.10.10"]
[SourceQuality "1"]

1. e4 c5 2. c3 g6 3. Nf3 Bg7 4. d4 cxd4 5. cxd4 d5 6. e5 Bg4 7. Nc3 e6 8. Qa4+ Nc6 9. Nb5 Bf8 10. Bg5 Bb4+ 11. Bd2 Be7 12. Rc1 Bxf3 13. gxf3 Kf8 14. h4 a6 15. Nd6 Bxd6 16. exd6 Qxd6 17. Bb5 Nge7 18. Bxc6 Nxc6 19. h5 Ke7 20. Qb3 b5 21. Qe3 Kd7 22. Kf1 Rag8 23. h6 g5 24. Kg2 Rg6 25. Qd3 f5 26. a4 Rb8 27. Rc5 g4 28. Rhc1 gxf3+ 29. Kxf3 Qh2 30. Bf4 Qh3+ 31. Ke2 Qxd3+ 32. Kxd3 Rc8 33. axb5 axb5 34. Rxb5 Nb4+ 35. Rxb4 1-0

[Event "Platja d'Aro op 5th"]
[Site "Platja d'Aro"]
[Date "2017.06.25"]
[Round "1"]
[White "Perez Calahorra, Ricardo"]
[Black "Demidov, Mikhail"]
[Result "0-1"]
[WhiteElo "2096"]
[BlackElo "2524"]
[PlyCount "86"]
[EventDate "2017.06.25"]
[EventType "swiss"]
[EventRounds "9"]
[EventCountry "ESP"]
[SourceTitle "EXT 2018"]
[Source "ChessBase"]
[SourceDate "2017.10.13"]
[SourceVersion "1"]
[SourceVersionDate "2017.10.13"]
[SourceQuality "1"]

1. e4 e6 2. d4 d5 3. Nd2 Nc6 4. c3 e5 5. exd5 Qxd5 6. dxe5 Nxe5 7. Ngf3 Nd3+ 8. Bxd3 Qxd3 9. Qa4+ Bd7 10. Qd4 Qxd4 11. Nxd4 0-0-0 12. 0-0 Ne7 13. N2f3 Nc6 14. Be3 Nxd4 15. Nxd4 Bd6 16. Rfe1 Rhe8 17. f3 f6 18. Bf2 b6 19. Rad1 Bf8 20. Be3 c5 21. Nb3 Re6 22. Kf2 Rde8 23. Bd2 Bd6 24. Rxe6 Rxe6 25. g3 a5 26. Be3 Bc6 27. Nc1 g5 28. c4 a4 29. Ne2 Be5 30. Rd2 h6 31. f4 Bc7 32. Rd3 Bd8 33. Rd2 h5 34. Nc3 g4 35. Nd5 f5 36. Nc3 h4 37. Ke2 hxg3 38. hxg3 Bf6 39. Kf2 a3 40. Nd5 axb2 41. Rd1 Bxd5 42. cxd5 Re4 43. Ke2 Bd4 0-1

[Event "Madrid San Viator op-A 27th"]
[Site "Madrid"]
[Date "2016.10.09"]
[Round "3"]
[White "Perez Calahorra, Ricardo"]
[Black "Afana, Adham Jj"]
[Result "1/2-1/2"]
[WhiteElo "2136"]
[BlackElo "2095"]
[PlyCount "157"]
[EventDate "2016.09.25"]
[EventType "swiss"]
[EventRounds "9"]
[EventCountry "ESP"]
[SourceTitle "EXT 2017"]
[Source "ChessBase"]
[SourceDate "2016.10.25"]
[SourceVersion "1"]
[SourceVersionDate "2016.10.25"]
[SourceQuality "1"]

1. e4 e6 2. d4 d5 3. Nd2 dxe4 4. Nxe4 Nd7 5. Nf3 Ngf6 6. Nxf6+ Nxf6 7. Bd3 c5 8. 0-0 cxd4 9. Nxd4 Bc5 10. Nf3 Qc7 11. Qe2 h6 12. Bd2 Bd7 13. b4 Bd6 14. c4 Bc6 15. g3 Ng4 16. c5 Be5 17. Rac1 Bf6 18. Rfe1 0-0 19. Be4 Rad8 20. Bf4 e5 21. Nxe5 Bxe5 22. Qxg4 Bxf4 23. Qxf4 Qxf4 24. gxf4 Rd4 25. Bxc6 bxc6 26. Re7 Rxb4 27. Rxa7 Re8 28. Rc2 Rxf4 29. a4 Re1+ 30. Kg2 Ra1 31. a5 Rfa4 32. Ra8+ Kh7 33. Rc8 Rg4+ 34. Kf3 Rg6 35. Ra8 Re1 36. Rc3 Rf6+ 37. Kg2 Rf5 38. a6 Ra1 39. a7 Ra2 40. Rf3 Rg5+ 41. Kf1 f6 42. Rc8 Rxa7 43. Rxc6 Ra5 44. Rc3 Rf5 45. Rc2 Re5 46. Rc7 h5 47. c6 Rec5 48. Re2 Ra1+ 49. Kg2 Rg5+ 50. Kf3 Rc1 51. Ree7 h4 52. Re4 Rc3+ 53. Ke2 h3 54. Re3 Rc2+ 55. Kd3 Rxf2 56. Rxh3+ Kg6 57. Rd7 Rff5 58. c7 Rc5 59. Rh8 Rg1 60. Kd2 Rgc1 61. Rg8 R5c2+ 62. Ke3 Kf5 63. c8Q Rxc8 64. Rxc8 Rxc8 65. Rxg7 Rh8 66. Rg2 Rh3+ 67. Ke2 Ra3 68. Rf2+ Ke5 69. Kf1 f5 70. Kg2 f4 71. Rb2 Kf5 72. h3 Rg3+ 73. Kh2 Re3 74. Kg2 Rc3 75. Rb4 Rg3+ 76. Kh2 Kg5 77. Ra4 Re3 78. Kg2 Re2+ 79. Kf3 1/2-1/2

[Event "Madrid San Viator op-A 27th"]
[Site "Madrid"]
[Date "2016.09.25"]
[Round "1"]
[White "Perez Calahorra, Ricardo"]
[Black "Blanco Diez, David"]
[Result "1-0"]
[WhiteElo "2136"]
[BlackElo "1845"]
[PlyCount "69"]
[EventDate "2016.09.25"]
[EventType "swiss"]
[EventRounds "9"]
[EventCountry "ESP"]
[SourceTitle "EXT 2017"]
[Source "ChessBase"]
[SourceDate "2016.10.25"]
[SourceVersion "1"]
[SourceVersionDate "2016.10.25"]
[SourceQuality "1"]

1. e4 e5 2. Nf3 Nc6 3. Bb5 a6 4. Ba4 Nf6 5. d3 Bc5 6. 0-0 b5 7. Bb3 d6 8. c3 0-0 9. Bg5 Be6 10. Bc2 d5 11. d4 Bd6 12. Re1 Re8 13. Nbd2 h6 14. Bh4 Kh8 15. Nf1 g5 16. Bg3 Nxe4 17. dxe5 Bf8 18. Nd4 Nxd4 19. cxd4 Bf5 20. Ne3 Bg6 21. f3 Nxg3 22. Bxg6 fxg6 23. hxg3 c5 24. Rc1 Qb6 25. Nxd5 Qc6 26. Nf6 Red8 27. d5 Qb6 28. Qc2 Kg7 29. d6 c4+ 30. Kh2 Rac8 31. Qe4 h5 32. Qd5 Bxd6 33. exd6 Kxf6 34. Re7 Qxd6 35. Qf7# 1-0

[Event "Platja d'Aro op 4th"]
[Site "Platja d'Aro"]
[Date "2016.06.26"]
[Round "2"]
[White "Perez Calahorra, Ricardo"]
[Black "Matsenko, Andrei"]
[Result "0-1"]
[WhiteElo "2116"]
[BlackElo "2327"]
[PlyCount "102"]
[EventDate "2016.06.25"]
[EventType "swiss"]
[EventRounds "9"]
[EventCountry "ESP"]
[SourceTitle "EXT 2017"]
[Source "ChessBase"]
[SourceDate "2016.10.25"]
[SourceVersion "1"]
[SourceVersionDate "2016.10.25"]
[SourceQuality "1"]

1. e4 c6 2. d4 d5 3. Nd2 dxe4 4. Nxe4 Bf5 5. Ng3 Bg6 6. Bc4 e6 7. N1e2 Bd6 8. 0-0 Qc7 9. f4 Ne7 10. Bd3 Nd7 11. c4 0-0-0 12. Kh1 Bxd3 13. Qxd3 Nf6 14. Be3 h5 15. Rac1 h4 16. Ne4 Nxe4 17. Qxe4 Nf5 18. d5 Kb8 19. dxc6 Qxc6 20. Qxc6 bxc6 21. Bf2 Bb4 22. Rcd1 Kb7 23. Kg1 Bd2 24. g4 hxg3 25. hxg3 Be3 26. Kg2 Bxf2 27. Kxf2 Kc7 28. Kf3 c5 29. Rfe1 Kc6 30. b3 a5 31. Ke4 a4 32. Rg1 axb3 33. axb3 Ra8 34. Ra1 Rhb8 35. Rxa8 Rxa8 36. g4 Nd6+ 37. Kd3 Ra2 38. Rb1 Nb7 39. f5 exf5 40. gxf5 Nd6 41. Rf1 Rb2 42. Nc1 Rh2 43. Ne2 Rh5 44. f6 Rh3+ 45. Kc2 g5 46. Ra1 Rf3 47. b4 Rxf6 48. bxc5 Kxc5 49. Rg1 g4 50. Ng3 Rf3 51. Kd2 Rxg3 0-1

[Event "San Sebastian op 38th"]
[Site "San Sebastian"]
[Date "2015.04.02"]
[Round "7"]
[White "Perez Calahorra, Ricardo"]
[Black "Aranaz Murillo, Amalia"]
[Result "1-0"]
[WhiteElo "2090"]
[BlackElo "2319"]
[PlyCount "184"]
[EventDate "2015.03.28"]
[EventType "swiss"]
[EventRounds "9"]
[EventCountry "ESP"]
[SourceTitle "CBM 165 Extra"]
[Source "ChessBase"]
[SourceDate "2015.04.21"]
[SourceVersion "1"]
[SourceVersionDate "2015.04.21"]
[SourceQuality "1"]

1. d4 e6 2. e4 d5 3. Nd2 c5 4. Ngf3 cxd4 5. exd5 Qxd5 6. Bc4 Qd7 7. 0-0 Nc6 8. Nb3 Nf6 9. Nbxd4 Nxd4 10. Qxd4 Qxd4 11. Nxd4 a6 12. Bf4 Bc5 13. Rfd1 0-0 14. Be2 Re8 15. Nb3 Bb6 16. Nd2 e5 17. Bg3 Bf5 18. Nc4 Bc7 19. Ne3 Be4 20. c4 Bb6 21. Rd2 Bc6 22. Bf3 Ne4 23. Bxe4 Bxe4 24. Nd5 Bd8 25. f3 Bf5 26. Rad1 f6 27. Bf2 Rc8 28. b3 Kf7 29. Kf1 Be6 30. Nb6 Bxb6 31. Bxb6 Rc6 32. c5 Rcc8 33. Kf2 f5 34. Rd6 Re7 35. R1d2 g6 36. Re2 Bd7 37. Rd5 e4 38. fxe4 fxe4 39. Ke3 Bc6 40. Rd6 Kg7 41. Rf2 Rf8 42. Rxf8 Kxf8 43. Rd1 Kg7 44. Ba5 h6 45. Bc3+ Kh7 46. Rd8 g5 47. Rd6 Bb5 48. a4 Bc6 49. Rf6 g4 50. Rd6 h5 51. Rf6 Be8 52. Rd6 Bg6 53. c6 bxc6 54. Rxc6 Rd7 55. Bd4 a5 56. Rc8 Kh6 57. Rc5 Rb7 58. Rb5 Rc7 59. Rxa5 Rc1 60. Kf4 Rf1+ 61. Kg3 Re1 62. Re5 Rb1 63. Be3+ Kg7 64. Rb5 Bf7 65. b4 Bc4 66. Rxh5 Rxb4 67. Rg5+ Kf6 68. Rxg4 Be6 69. Rf4+ Ke5 70. a5 Rb3 71. Kf2 Rb2+ 72. Kg1 Rb3 73. Bc1 Bc4 74. Rf2 Rb1 75. Rc2 Kd4 76. Kf2 Kd3 77. Rd2+ Kc3 78. Rd1 Kc2 79. Re1 Bd3 80. Be3 Rb5 81. Bb6 Kd2 82. Be3+ Kc2 83. Rc1+ Kb2 84. Rc5 Rb7 85. g4 Rf7+ 86. Rf5 Rc7 87. g5 Rc2+ 88. Kg3 Re2 89. Bd4+ Kb3 90. Rf6 Kc4 91. Bb6 e3 92. Re6 Kd5 1-0

[Event "San Sebastian op 38th"]
[Site "San Sebastian"]
[Date "2015.03.29"]
[Round "3"]
[White "Perez Calahorra, Ricardo"]
[Black "Vicente Ezeiza, Mikel"]
[Result "1-0"]
[WhiteElo "2090"]
[BlackElo "1806"]
[PlyCount "53"]
[EventDate "2015.03.28"]
[EventType "swiss"]
[EventRounds "9"]
[EventCountry "ESP"]
[SourceTitle "CBM 165 Extra"]
[Source "ChessBase"]
[SourceDate "2015.04.21"]
[SourceVersion "1"]
[SourceVersionDate "2015.04.21"]
[SourceQuality "1"]

1. Nf3 Nf6 2. b3 g6 3. Bb2 Bg7 4. g4 0-0 5. g5 Ne4 6. Bxg7 Kxg7 7. d3 Nc5 8. Qd2 d5 9. Qc3+ e5 10. Qxc5 b6 11. Qc3 d4 12. Qb2 Nd7 13. Nbd2 Bb7 14. Rg1 a5 15. a4 Qe7 16. h4 c5 17. Bh3 Rae8 18. 0-0-0 Bd5 19. e3 Qd6 20. h5 Qc6 21. e4 Be6 22. Bxe6 fxe6 23. Rg3 b5 24. axb5 Qxb5 25. Nc4 a4 26. Nd6 Qb4 27. Nxe8+ 1-0

[Event "Madrid San Viator op 21st"]
[Site "Madrid"]
[Date "2013.11.10"]
[Round "8"]
[White "Perez Calahorra, Ricardo"]
[Black "Sorribes Calle, Pablo"]
[Result "1-0"]
[WhiteElo "2126"]
[BlackElo "1682"]
[PlyCount "40"]
[EventDate "2013.09.29"]
[EventType "swiss"]
[EventRounds "9"]
[EventCountry "ESP"]
[SourceTitle "EXT 2015"]
[Source "ChessBase"]
[SourceDate "2014.11.20"]
[SourceVersion "1"]
[SourceVersionDate "2014.11.20"]
[SourceQuality "1"]

1. e4 c5 2. c3 Nc6 3. d4 cxd4 4. cxd4 e6 5. Nc3 d5 6. e5 a6 7. Be3 Nge7 8. Bd3 Ng6 9. Nge2 Be7 10. Rc1 0-0 11. h4 f5 12. h5 f4 13. Bd2 f3 14. hxg6 fxe2 15. gxh7+ Kh8 16. Nxe2 Qb6 17. Nf4 Rxf4 18. Bxf4 Bd7 19. Be3 Rf8 20. Rh3 Qxb2 1-0

[Event "Madrid San Viator op 21st"]
[Site "Madrid"]
[Date "2013.10.20"]
[Round "5"]
[White "Perez Calahorra, Ricardo"]
[Black "Gil Sierra, Jacinto"]
[Result "0-1"]
[WhiteElo "2126"]
[BlackElo "2041"]
[PlyCount "120"]
[EventDate "2013.09.29"]
[EventType "swiss"]
[EventRounds "9"]
[EventCountry "ESP"]
[SourceTitle "EXT 2015"]
[Source "ChessBase"]
[SourceDate "2014.11.20"]
[SourceVersion "1"]
[SourceVersionDate "2014.11.20"]
[SourceQuality "1"]

1. e4 c5 2. c3 d5 3. exd5 Qxd5 4. d4 Nf6 5. Nf3 e6 6. Na3 a6 7. Nc4 Nbd7 8. Be2 cxd4 9. Qxd4 b5 10. Na5 Bc5 11. Qh4 Qe4 12. Qxe4 Nxe4 13. 0-0 Bb6 14. Nb3 Bb7 15. Nbd4 Ndc5 16. b4 Na4 17. c4 bxc4 18. Bxc4 Rc8 19. Bb3 Nac3 20. Be3 Nd5 21. Ba4+ Ke7 22. b5 Nxe3 23. fxe3 Nc3 24. Bb3 Nxb5 25. Kh1 Nxd4 26. Nxd4 Rc3 27. Rae1 Rd8 28. Rf4 Bd5 29. Bxd5 Rxd5 30. g4 Bxd4 31. exd4 Rd3 32. Rb1 R5xd4 33. Rb7+ Rd7 34. Rxd7+ Rxd7 35. Ra4 Rd6 36. Kg2 e5 37. Kf3 Kf6 38. h4 Ke6 39. Ra5 f6 40. Ke3 g6 41. Kf3 f5 42. g5 Kd7 43. Rxe5 Rd3+ 44. Kf4 Rd4+ 45. Kg3 Rg4+ 46. Kh3 Ra4 47. Re2 Ra3+ 48. Kg2 Kd6 49. Rc2 Ke5 50. Rb2 f4 51. Kf1 a5 52. Rc2 a4 53. Rb2 Kf5 54. Rh2 f3 55. Rc2 Kg4 56. Rh2 Kg3 57. Rc2 Rd3 58. Rc1 Rd2 59. a3 Rh2 60. Kg1 f2+ 0-1

[Event "Madrid San Viator op 21st"]
[Site "Madrid"]
[Date "2013.10.13"]
[Round "4"]
[White "Garcia Martin, Esteban"]
[Black "Perez Calahorra, Ricardo"]
[Result "0-1"]
[WhiteElo "1892"]
[BlackElo "2126"]
[PlyCount "70"]
[EventDate "2013.09.29"]
[EventType "swiss"]
[EventRounds "9"]
[EventCountry "ESP"]
[SourceTitle "EXT 2015"]
[Source "ChessBase"]
[SourceDate "2014.11.20"]
[SourceVersion "1"]
[SourceVersionDate "2014.11.20"]
[SourceQuality "1"]

1. c4 Nf6 2. Nc3 e5 3. g3 c6 4. d4 exd4 5. Qxd4 d5 6. Bg2 Be6 7. cxd5 cxd5 8. Nf3 Nc6 9. Qa4 Bc5 10. 0-0 0-0 11. Bg5 h6 12. Bxf6 Qxf6 13. Rfd1 Rad8 14. Rac1 Bb6 15. e3 Rd7 16. Ne2 Qxb2 17. Ned4 Nxd4 18. Nxd4 Bxd4 19. Rb1 Qe2 20. Bf1 Qh5 21. Rxd4 a6 22. Rb6 Rc7 23. Rb1 Rfc8 24. Qd1 Qxd1 25. Rbxd1 Rc2 26. a4 Bd7 27. Rxd5 Bxa4 28. Rd8+ Be8 29. Bg2 Rxd8 30. Rxd8 Rc1+ 31. Bf1 Kf8 32. Rb8 Ke7 33. Rxb7+ Kd6 34. Rb6+ Kc7 35. Rxa6 Rxf1+ 0-1

[Event "Madrid San Viator op 21st"]
[Site "Madrid"]
[Date "2013.09.29"]
[Round "1"]
[White "Perez Calahorra, Ricardo"]
[Black "Barahona Torrijos, Angel"]
[Result "1-0"]
[WhiteElo "2126"]
[BlackElo "1867"]
[PlyCount "77"]
[EventDate "2013.09.29"]
[EventType "swiss"]
[EventRounds "9"]
[EventCountry "ESP"]
[SourceTitle "EXT 2015"]
[Source "ChessBase"]
[SourceDate "2014.11.20"]
[SourceVersion "1"]
[SourceVersionDate "2014.11.20"]
[SourceQuality "1"]

1. e4 e5 2. Nf3 Nc6 3. Bb5 a6 4. Bxc6 dxc6 5. 0-0 Qd6 6. Na3 b5 7. c3 Bg4 8. h3 h5 9. d4 Qg6 10. Nxe5 Bxd1 11. Nxg6 fxg6 12. Rxd1 Be7 13. Bf4 0-0-0 14. Nc2 g5 15. Be5 Rh7 16. a4 Kb7 17. Ne3 Nh6 18. axb5 cxb5 19. c4 c6 20. d5 cxd5 21. cxd5 Nf7 22. Bd4 Bd6 23. Nf5 Be5 24. Rdc1 g6 25. Bxe5 Nxe5 26. Nd4 Rd6 27. Rc3 g4 28. hxg4 hxg4 29. Ne6 Kb6 30. Rac1 a5 31. Rc8 a4 32. R1c5 Rb7 33. Nd4 Ka5 34. Nc6+ Nxc6 35. R8xc6 Rbd7 36. Rxd6 Rxd6 37. e5 Rd8 38. e6 Kb4 39. e7 1-0

[Event "Cullera op-A 29th"]
[Site "Cullera"]
[Date "2012.08.29"]
[Round "7"]
[White "Perez Calahorra, Ricardo"]
[Black "Sanchez Dengra, Jose Maria"]
[Result "0-1"]
[WhiteElo "2158"]
[BlackElo "2020"]
[PlyCount "70"]
[EventDate "2012.08.25"]
[EventType "swiss"]
[EventRounds "9"]
[EventCountry "ESP"]
[SourceTitle "CBM 150 Extra"]
[Source "ChessBase"]
[SourceDate "2012.10.19"]
[SourceVersion "1"]
[SourceVersionDate "2012.10.19"]
[SourceQuality "1"]

1. e4 c5 2. c3 d5 3. exd5 Qxd5 4. d4 Nf6 5. Nf3 e6 6. Na3 Qd8 7. Bg5 a6 8. Bd3 Nbd7 9. 0-0 Be7 10. Nc4 0-0 11. Qe2 cxd4 12. Nxd4 Nd5 13. Bd2 N7f6 14. Rad1 Qc7 15. Ne5 Rd8 16. Bb1 Bd6 17. f4 Bc5 18. Kh1 b5 19. Rf3 Ne7 20. Be3 Bb7 21. Rh3 Ned5 22. Bc1 b4 23. c4 Bxd4 24. Rxd4 g6 25. f5 exf5 26. Bg5 Re8 27. cxd5 Rxe5 28. Re3 Rae8 29. Rxe5 Rxe5 30. Qd2 Nxd5 31. Bh6 Qe7 32. Kg1 Re2 33. Qd3 Rxg2+ 34. Kh1 Qe1+ 35. Kxg2 Nf4# 0-1

[Event "Cullera op-A 29th"]
[Site "Cullera"]
[Date "2012.08.27"]
[Round "4"]
[White "Gonzalvez Perales, Jose Luis"]
[Black "Perez Calahorra, Ricardo"]
[Result "0-1"]
[WhiteElo "2028"]
[BlackElo "2158"]
[PlyCount "72"]
[EventDate "2012.08.25"]
[EventType "swiss"]
[EventRounds "9"]
[EventCountry "ESP"]
[SourceTitle "CBM 150 Extra"]
[Source "ChessBase"]
[SourceDate "2012.10.19"]
[SourceVersion "1"]
[SourceVersionDate "2012.10.19"]
[SourceQuality "1"]

1. e4 e6 2. d4 d5 3. Bd3 dxe4 4. Bxe4 Nf6 5. Bf3 Nc6 6. Ne2 Bd6 7. 0-0 0-0 8. c4 Re8 9. Nbc3 a6 10. Bg5 h6 11. Bh4 g5 12. Bg3 Bd7 13. Qd2 Rb8 14. h4 Nh7 15. hxg5 Qxg5 16. Qxg5+ Nxg5 17. Bh5 Bxg3 18. Nxg3 Nxd4 19. f4 Nh7 20. Rad1 c5 21. Nce4 b6 22. b4 Ba4 23. Rd2 Red8 24. bxc5 Bc2 25. Kh1 f5 26. Nd6 bxc5 27. Nf7 Rd7 28. Ne5 Rg7 29. Kh2 Nf6 30. Bd1 Be4 31. Nd3 Bxd3 32. Rxd3 Rb2 33. a3 h5 34. Rg1 Ng4+ 35. Bxg4 hxg4 36. Rgd1 Nf3+ 0-1

[Event "Madrid San Viator op 18th"]
[Site "Madrid"]
[Date "2012.04.01"]
[Round "2"]
[White "Garcia Carcedo, Jesus"]
[Black "Perez Calahorra, Ricardo"]
[Result "0-1"]
[WhiteElo "1842"]
[BlackElo "2158"]
[PlyCount "110"]
[EventDate "2012.03.25"]
[EventType "swiss"]
[EventRounds "9"]
[EventCountry "ESP"]
[SourceTitle "EXT 2013"]
[Source "ChessBase"]
[SourceDate "2012.11.22"]
[SourceVersion "1"]
[SourceVersionDate "2012.11.22"]
[SourceQuality "1"]

1. d4 Nf6 2. Nf3 e6 3. Bf4 c5 4. e3 Nc6 5. c3 Nh5 6. Bg3 Nxg3 7. hxg3 d5 8. Nbd2 Qb6 9. Qc2 h6 10. Be2 Bd7 11. g4 cxd4 12. exd4 Rc8 13. Qb3 Qxb3 14. axb3 Bd6 15. g5 Ke7 16. gxh6 Rxh6 17. Rxh6 gxh6 18. 0-0-0 f6 19. Rh1 Rh8 20. Bd3 Kf7 21. g3 e5 22. dxe5 Nxe5 23. Be2 Ng4 24. Rf1 Bc5 25. Nd4 Bxd4 26. cxd4 Bf5 27. Bxg4 Rc8+ 28. Kd1 Bxg4+ 29. f3 Bf5 30. Ke2 Rc2 31. Ra1 a6 32. Ra5 Rxb2 33. Rxd5 Be6 34. Rh5 Kg6 35. Rc5 Bxb3 36. Kd3 b6 37. Rc6 Bd5 38. Rd6 Rb5 39. Ne4 Bxe4+ 40. fxe4 Kf7 41. d5 a5 42. Rd7+ Ke8 43. Rh7 a4 44. Rxh6 Rb2 45. Rxf6 a3 46. Kc3 b5 47. Ra6 b4+ 48. Kd4 a2 49. Ke5 Re2 50. Kd6 b3 51. e5 Re1 52. Ra8+ Kf7 53. e6+ Kf6 54. Rf8+ Kg7 55. Ra8 a1Q 0-1

[Event "Figueres op 12th"]
[Site "Figueres"]
[Date "2011.08.18"]
[Round "9"]
[White "Triadu Cassa, Jordi"]
[Black "Perez Calahorra, Ricardo"]
[Result "1-0"]
[WhiteElo "2083"]
[BlackElo "2181"]
[PlyCount "89"]
[EventDate "2011.08.11"]
[EventType "swiss"]
[EventRounds "9"]
[EventCountry "ESP"]
[SourceTitle "CBM 143 Extra"]
[Source "ChessBase"]
[SourceDate "2011.08.29"]
[SourceVersion "1"]
[SourceVersionDate "2011.08.29"]
[SourceQuality "1"]

1. e4 c5 2. Nf3 d6 3. d4 cxd4 4. Nxd4 Nf6 5. Nc3 a6 6. Bc4 e6 7. Bb3 Nbd7 8. 0-0 Nc5 9. Re1 Be7 10. f4 Nxb3 11. axb3 h5 12. h3 h4 13. f5 e5 14. Nf3 Bd7 15. Bg5 Bc6 16. Bxh4 Ng4 17. Bg3 Qb6+ 18. Kh1 0-0-0 19. Nd5 Bxd5 20. Qxd5 Rd7 21. Ra4 Bf6 22. b4 Rc7 23. c3 Rh6 24. Qd3 Nf2+ 25. Bxf2 Qxf2 26. Qe2 Qg3 27. b5 a5 28. Rxa5 g5 29. fxg6 fxg6 30. Nh2 Rh4 31. Ra8+ Kd7 32. Rf1 Be7 33. Ra7 Kc8 34. Ra8+ Kd7 35. Rb8 d5 36. exd5 Rcc4 37. Rxb7+ Ke8 38. Qf3 Qf4 39. b6 Bd6 40. Ra1 Rc8 41. Qxf4 Rxf4 42. Rf1 e4 43. Rxf4 Bxf4 44. Ng4 Bg3 45. Nf6+ 1-0

[Event "Figueres op 12th"]
[Site "Figueres"]
[Date "2011.08.14"]
[Round "4"]
[White "Perez Calahorra, Ricardo"]
[Black "Trigo Urquijo, Sergio"]
[Result "0-1"]
[WhiteElo "2181"]
[BlackElo "2248"]
[PlyCount "114"]
[EventDate "2011.08.11"]
[EventType "swiss"]
[EventRounds "9"]
[EventCountry "ESP"]
[SourceTitle "CBM 143 Extra"]
[Source "ChessBase"]
[SourceDate "2011.08.29"]
[SourceVersion "1"]
[SourceVersionDate "2011.08.29"]
[SourceQuality "1"]

1. Nf3 Nf6 2. g3 g6 3. Bg2 Bg7 4. d4 0-0 5. 0-0 d6 6. Re1 c5 7. c3 cxd4 8. Nxd4 d5 9. Qb3 e5 10. Nc2 Nc6 11. Bg5 Na5 12. Qb4 h6 13. Bxf6 Bxf6 14. Ne3 Be6 15. Rd1 d4 16. cxd4 exd4 17. Nc2 Qb6 18. Qxb6 axb6 19. Nba3 Rfd8 20. Nb4 Be7 21. Nac2 Rac8 22. b3 Rd7 23. Be4 Rdc7 24. Rd2 f5 25. Bd3 Kf7 26. Rad1 g5 27. f3 h5 28. Kf2 h4 29. Rh1 Bc5 30. Rdd1 Kf6 31. gxh4 gxh4 32. Rhg1 Bd6 33. Kg2 h3+ 34. Kh1 Bf7 35. Rdf1 Rc3 36. Rb1 Re8 37. Rgd1 Rxd3 38. exd3 Re2 39. Rf1 Rxh2+ 40. Kg1 Rg2+ 41. Kh1 Rd2 42. Rbd1 Rh2+ 43. Kg1 Rg2+ 44. Kh1 Nc6 45. Nxc6 bxc6 46. Nxd4 Bd5 47. Rc1 c5 48. Nb5 Bg3 49. Nc3 Bb7 50. Na4 Rh2+ 51. Kg1 Rg2+ 52. Kh1 Bf2 53. Nxb6 Bxf3 54. Nd7+ Kg5 55. Ne5 Rg1+ 56. Kh2 Bg3+ 57. Kxh3 Bg4+ 0-1

[Event "Figueres op 12th"]
[Site "Figueres"]
[Date "2011.08.11"]
[Round "1"]
[White "Perez Calahorra, Ricardo"]
[Black "Idoate Arrazurria, Ricardo"]
[Result "1-0"]
[WhiteElo "2181"]
[BlackElo "1573"]
[PlyCount "79"]
[EventDate "2011.08.11"]
[EventType "swiss"]
[EventRounds "9"]
[EventCountry "ESP"]
[SourceTitle "CBM 143 Extra"]
[Source "ChessBase"]
[SourceDate "2011.08.29"]
[SourceVersion "1"]
[SourceVersionDate "2011.08.29"]
[SourceQuality "1"]

1. d4 f5 2. g3 Nf6 3. Bg2 e6 4. c4 Be7 5. Nf3 0-0 6. 0-0 d5 7. Nc3 c6 8. Bf4 Nbd7 9. Ng5 Nb6 10. c5 Nc4 11. b3 Na5 12. Qd2 Ne4 13. Ngxe4 dxe4 14. Rfd1 Bd7 15. Rac1 b5 16. f3 exf3 17. Bxf3 Rc8 18. h4 Be8 19. Kf2 a6 20. Rh1 Nb7 21. b4 Bf6 22. Rcd1 Qe7 23. Qe3 Nd8 24. Bd6 Qd7 25. Bxf8 Kxf8 26. Qc1 Nf7 27. e3 Rd8 28. Ne2 Qe7 29. Qa3 e5 30. Qxa6 e4 31. Bg2 Nh6 32. Bh3 Ng4+ 33. Bxg4 fxg4 34. Qa3 g5 35. hxg5 Bxg5 36. Nf4 Qf7 37. Qb3 h6 38. Kg2 Qf6 39. Rhf1 Qf7 40. Ne6+ 1-0

[Event "San Sebastian op 34th"]
[Site "San Sebastian"]
[Date "2011.04.23"]
[Round "9"]
[White "Perez Calahorra, Ricardo"]
[Black "Colovic, Aleksandar"]
[Result "1/2-1/2"]
[WhiteElo "2117"]
[BlackElo "2452"]
[PlyCount "62"]
[EventDate "2011.04.16"]
[EventType "swiss"]
[EventRounds "9"]
[EventCountry "ESP"]
[SourceTitle "CBM 141 Extra"]
[Source "ChessBase"]
[SourceDate "2011.05.03"]
[SourceVersion "1"]
[SourceVersionDate "2011.05.03"]
[SourceQuality "1"]

1. e4 c5 2. c3 Nf6 3. e5 Nd5 4. d4 cxd4 5. Nf3 e6 6. cxd4 d6 7. a3 Bd7 8. Bd3 Bc6 9. 0-0 Nd7 10. b4 a6 11. Re1 Rc8 12. Ng5 dxe5 13. dxe5 Be7 14. Qh5 Bxg5 15. Bxg5 Qb6 16. Nd2 Bb5 17. Rac1 Rc7 18. Be4 Nc3 19. Bf3 Bd3 20. Be3 Qb5 21. Bd4 Ne2+ 22. Bxe2 Bxe2 23. Qg5 Rxc1 24. Rxc1 0-0 25. Rc7 Qd5 26. Qe3 Bb5 27. Qe4 Qa2 28. Qe3 Nb6 29. Bxb6 Qa1+ 30. Nb1 Qxb1+ 31. Rc1 Qa2 1/2-1/2